De la mano de Don Quijote / (Record no. 50126)

MARC details
000 -LEADER
campo de control de longitud fija 01013nam a2200253 i 4500
001 - NÚMERO DE CONTROL
campo de control 50126
003 - IDENTIFICADOR DE NÚMERO DE CONTROL
campo de control ES-MaACL
005 - FECHA Y HORA DE LA ÚLTIMA TRANSACCIÓN
campo de control 20250824231409.0
007 - CAMPO FIJO DE DESCRIPCIÓN FÍSICA--INFORMACIÓN GENERAL
campo de control de longitud fija t|
008 - DATOS DE LONGITUD FIJA--INFORMACIÓN GENERAL
campo de control de longitud fija 030731s1965 ag ||||1| spa d
080 ## - NÚMERO DE LA CLASIFICACIÓN DECIMAL UNIVERSAL
Número de la Clasificación Decimal Universal 821.134.2 Cervantes Saavedra, Miguel de 7 Quijote.07
080 ## - NÚMERO DE LA CLASIFICACIÓN DECIMAL UNIVERSAL
Número de la Clasificación Decimal Universal 914.643 Mancha, La(0:86-992)
100 1# - ENTRADA PRINCIPAL--NOMBRE DE PERSONA
Nombre de persona Croft-Cooke, Rupert.
9 (RLIN) 41666
245 10 - MENCIÓN DEL TÍTULO
Título De la mano de Don Quijote /
Mención de responsabilidad, etc. Rupert Croft-Cooke ; [traducción de M. de la Escalera].
260 ## - PUBLICACIÓN, DISTRIBUCIÓN, ETC.
Lugar de publicación, distribución, etc. Buenos Aires :
Nombre del editor, distribuidor, etc. Plaza & Janés,
Fecha de publicación, distribución, etc. [1965]
300 ## - DESCRIPCIÓN FÍSICA
Extensión 271 p., [32] p. de lám., [8] h. de lám col. :
Otras características físicas il., 2 mapas ;
Dimensiones 21 cm.
490 1# - MENCIÓN DE SERIE
Mención de serie La vuelta al mundo en ochenta libros
600 14 - PUNTO DE ACCESO ADICIONAL DE MATERIA--NOMBRE DE PERSONA
Nombre de persona Cervantes Saavedra, Miguel de,
Fechas asociadas al nombre 1547-1616.
Título de la obra Don Quijote de la Mancha
9 (RLIN) 37612
651 #4 - PUNTO DE ACCESO ADICIONAL DE MATERIA--NOMBRE GEOGRÁFICO
Nombre geográfico La Mancha (España, Comarca)-
Subdivisión general Descripción.
9 (RLIN) 173092
700 0# - ENTRADA AGREGADA--NOMBRE PERSONAL
Nombre de persona Escalera, Manuel de la,
Fechas asociadas al nombre 1895-1994
9 (RLIN) 47481
830 13 - PUNTO DE ACCESO ADICIONAL DE SERIE-TÍTULO UNIFORME
Título uniforme La vuelta al mundo en ochenta libros
9 (RLIN) 186522
852 ## - LOCALIZACIÓN
Ubicación ES-MaACL
Número de control de estantería C-28141
Holdings
Estatus retirado Estado de pérdida Estado de daño No para préstamo Biblioteca de origen Biblioteca actual Ubicación en estantería Fecha de adquisición Fuente de adquisición Total de préstamos Signatura topográfica completa Código de barras Visto por última vez Precio de reemplazo Tipo de ítem Koha
        Biblioteca del Ateneo de Madrid Biblioteca del Ateneo de Madrid Depósito 2 17/01/2008     C-28141 1052730 23/02/2023 23/02/2023 Libro impreso